000 00840cab a22002295a 4500
001 L146019
008 081202e20081129xxkbdo f s 000 0 eng d
035 _a(Sirsi) u146019
041 0 _aeng
100 1 _aEvans, Nigel
245 0 0 _aEG residential
260 _c2008
490 _aEstates Gazette
_v(0847) 29 November 2008, 63-75(9)
520 _aRegular feature on residential property provides sections on ways to ease the current glut of unsold housing, commentary on new build property not selling despite 50% discounts, as well as discussion on whether negative reporting in the media is exacerbating the current economic crisis.
590 _aKA
651 4 _aUnited Kingdom
_y
690 _aResidential property
_96266
700 1 _aDonnell, Richard
700 1 _aNorwood, Graham
700 1 _aSmith, Daniel
942 _n0
999 _c81001
_d81001